000 00688nam a2200229Ia 4500
003 OSt
005 20220923220511.0
006 a|||||r|||| 00| 0
007 ta
008 220922b |||||||| |||| 00| 0 hin d
024 _a187,015
037 _cTextual
040 _aARTS
_cARTS
_bhin
041 _2hin
_ahin
082 _aX9:8, 152J9
100 _aश्रीवास्तव, सी पी
245 0 _aऔद्योगिक संगठन एवं प्रबन्ध
246 _aAudyogik sangaṭhan evan prabandha
260 _c1959
942 _hX9:8, 152J9
_cTEXL
_2CC
999 _c340258
_d340258